000 01134nam a22003617a 4500
001 259
003 FISKH
005 20250409140045.0
008 230313b cb ||||| |||| 00| 0 eng d
020 _a9780439438940
035 _a(OCoLC)ocm51634647
040 _aXWS
_cXWS
_dDLC
_beng
042 _alcac
_alccopycat
050 0 0 _aPZ7.T3
_bTal 2003
082 0 0 _a813.54
_222
100 1 _aThaler, Mike,
_d1936-
245 1 4 _aThe talent show from the black lagoon /
_cby Mike Thaler ; illustrated by Jared Lee.
260 _aNew York
_bScholastic
_c2003
300 _a64 p. :
_bill. ;
_c20 cm.
440 0 _aLittle apple
490 1 _aBlack lagoon adventures ;
_v#2
505 _aK
521 0 _a620
_bLexile
521 1 _aK
_bRaz-Plus
650 1 _aTalent shows
_vFiction.
650 1 _aSchools
_vFiction.
650 1 _aHumorous stories.
700 1 _aLee, Jared D.,
_eill.
800 1 _aThaler, Mike,
_d1936-
_tBlack lagoon adventures ;
_v#2.
856 4 2 _3Publisher description
_uhttp://www.loc.gov/catdir/description/schol051/2003544610.html
906 _a7
_bcbc
_ccopycat
_d2
_encip
_f20
_gy-gencatlg
942 _2ddc
_cBK
_n0
999 _c259
_d259